Countries that have hosted the Parlympics - Statistics

General Stats
  • This quiz has been taken 27 times
  • The average score is 17 of 19
Answer Stats
Continent Country % Correct
Oceania Australia
100%
South America Brazil
100%
North America Canada
100%
Asia China
100%
Europe France
100%
Asia/ Europe Russia
100%
Europe United Kingdom
100%
North America United States of America
100%
Europe Germany
96%
Asia Japan
96%
Europe Spain
96%
Europe Italy
91%
Asia South Korea
91%
Europe Greece
87%
Europe Sweden
87%
Europe Norway
83%
Europe Austria
78%
Europe the Netherlands
74%
Asia Israel
52%
No matching quizzes found
Score Distribution
Percent of People with Each Score
Percentile by Number Answered
Your Score History
You have not taken this quiz